| 000 | 00673nam a2200241Ia 4500 | ||
|---|---|---|---|
| 008 | 160901s9999 xx 000 0 und d | ||
| 020 | _a978-1-4239-0591-2 | ||
| 050 | _aComSc T 385 | ||
| 050 | _b.Z56 2008 | ||
| 100 | _aZimmerman, Beverly B. | ||
| 245 | _aNew perspectives on Microsoft Office PowerPoint 2007 / | ||
| 245 | _cBeverly B. Zimmerman, S. Scott Zimmerman. | ||
| 260 | _aBoston, MA : | ||
| 260 | _bThomson Course Tech., | ||
| 260 | _c2005 | ||
| 300 | _a88 pages : | ||
| 300 | _bcol. ill. ; | ||
| 300 | _c27 cm. | ||
| 440 | _aNew perspectives series | ||
| 500 | _aIncludes index. | ||
| 650 | _aMicrosoft Word 2007. | ||
| 650 | _xWord processing. | ||
| 999 |
_c300866 _d300866 |
||